| 000 | 00524nam a2200205Ia 4500 | ||
|---|---|---|---|
| 003 | OSt | ||
| 005 | 20251211114204.0 | ||
| 008 | 210707s1983 xx 000 0 und d | ||
| 040 | _cAL | ||
| 041 | _aKannada | ||
| 082 | _aK894.2 KAIP | ||
| 100 |
_aKAILASAM _dಕೈಲಾಸಂ _9248836 |
||
| 245 |
_aPoli kitti. _bಪೋಲಿ ಕಿಟ್ಟಿ |
||
| 260 |
_aBengaluru _bVishva Kannada Sammelana _c1983 |
||
| 300 | _a131 p | ||
| 365 |
_b2 _cINR |
||
| 563 | _aPB | ||
| 650 |
_aKannada Drama _9248837 |
||
| 942 |
_2ddc _cBK |
||
| 999 |
_c180165 _d180165 |
||